Accelerate : the science behind DevOps : building and scaling high performing technology organizations

Gespeichert in:
Bibliographische Detailangaben
1. Verfasser: Forsgren, Nicole
Format: Buch
Veröffentlicht: shroff
Tags: Tag hinzufügen
Keine Tags, Fügen Sie das erste Tag hinzu!

MARC

LEADER 00000nam a2200000Ia 4500
005 20260515061614.0
100 |a Forsgren, Nicole, 
020 |a 9789355428622 
942 |c BK 
245 |a Accelerate : the science behind DevOps : building and scaling high performing technology organizations  
260 |b shroff 
999 |c 5  |d 5 
952 |0 0  |1 0  |4 0  |7 0  |a ABDN  |b ABDN  |d 2026-05-15  |l 0  |p 000035  |r 2026-05-15 06:16:14  |w 2026-05-15  |y BK